000 00645nam a2200181 i 4500
001 72049
003 ES-MaACL
005 20251009181452.0
007 t|
008 040825s1968 sp ||||1| spa d
100 1 _aGil Merino, Antonio.
_956844
245 1 0 _aArchivo histórico del Reino de Galicia
_b: guía del investigador /
_cpor Antonio Gil Merino ; prólogo, Antonio Matilla Tascón.
260 _aLa Coruña :
_bDirección General de Archivos y Bibliotecas,
_c1968.
300 _a130 p., 3 lám. ;
_c22 cm.
700 1 _aMatilla Tascón, Antonio,
_d1914-2001
_979079
852 _aES-MaACL
_jC-46984
_bR.66439
999 _c72049
_d72049